000 00929cam a22001934a 4500
005 20250605164358.0
008 250528s ||||||||||||||||||||||||d
035 _a24462
040 _aGR-AtMCL
_bgre
_dGR-AtMCL
_eAACR2
245 1 _aΜεγάλο Ρίσκο για την Αγορά η Έλλειψη Νομοθετικού Πλαισίου
260 _c2015
300 _a50
520 _aΕντατικοποίηση της Ανταπόκρισης στις Έκτακτες Ανάγκες Κοινωνίας και Πολιτών, ΕΝΕΔ: Καταστροφή η Επιβολή Φόρου στο Διαδίκτυο, Best Workplaces: Επιβράβευση εκ των Έσω, Η Κυβέρνηση ΣΥΡΙΖΑ και τα Πολυεθνικά Μονοπώλια.
700 1 _aΚορδελάς Δημήτρης
_99464
942 _cCR
710 2 _aThe Marketing Week
_99825
999 _c9341
_d9341